000 00503nam a2200181Ia 4500
005 20250508160341.0
008 008 250505s9999 xx 000 0 eng d
037 _aTextual
040 _aFEDL
_beng
_cFEDL
041 _aeng
_2eng
084 _a378.15, THO
_qFEDL
100 _aThornton James W
_9763574
245 0 _aCommunity junior college
260 _aNew York, USA
_bJohn Wiley and Sons
_c1960
300 _aix,300p.
942 _cTEXL
_h378.15, THO
999 _c1363935
_d1363935